Name the Manager - Scottish Edition - Statistics

General Stats
  • This quiz has been taken 9 times
  • The average score is 13 of 20
Answer Stats
Picture Answer % Correct
Barry Ferguson
100%
Duncan Ferguson
100%
Sir Alex Ferguson
100%
David Moyes
89%
Graeme Souness
89%
Kenny Dalglish
89%
Gordon Strachan
78%
Jock Stein
78%
Walter Smith
78%
Alex Mcleish
67%
Derek McInnes
67%
Steve Clarke
67%
Steven Pressley
67%
Russell Martin
56%
Callum Davidson
44%
David Gray
44%
Sir Matt Busby
44%
Stuart Kettlewell
44%
John Mcglynn
33%
Gary Naysmith
11%
No matching quizzes found
Score Distribution
Percent of People with Each Score
Percentile by Number Answered
Your Score History
You have not taken this quiz